000 00601nam a2200217 i 4500
001 bg
100 1 _aGRELAK, Kazimierz
245 1 0 _aMarketing produktu /
_cKazimierz Grelak ; Politechnika Lubelska.
260 _aLublin :
_bWydawnictwa Uczelniane PL,
_c1996.
300 _a170 s. :
_brys., wykr. ;
_c24 cm.
504 _aBibliogr. s. 169-170.
650 9 _aMarketing
650 9 _aProdukcja
_xorganizacja
_xmetody
020 _a8386333839
040 _cBPK
041 0 _apl
080 _a339.138:658.5
920 _a83-86333-83-9
942 _cKS
008 s pl f |000 0 pol
999 _c25020
_d25020
856 _uhttp://koha.tu.koszalin.pl/cgi-bin/koha/opac-detail.pl?biblionumber=25020
_yKatalog online BPK